Statistiques concernant Films par image - 2021

Cliquez ici pour prendre le quiz!

Statistiques générales

  • Ce quiz a été pris 155 fois
  • Le résultat moyen est 5 sur 15

Statistiques - réponses

Réponse% Correct
Mourir peut attendre
90%
Dune
89%
Spider-Man: No Way Home
60%
Don't Look Up : Déni cosmique
47%
The Suicide Squad
27%
Boîte Noire
26%
La Méthode Williams
24%
House of Gucci
22%
The French Dispatch
15%
Illusions perdues
13%
Licorice Pizza
12%
Annette
10%
Titane
10%
Nomadland
7%
L'évènement
2%

Distribution des résultats

Percentile par nombre de réponses

% des personnes avec chaque résultat

Votre développement - résultats

Vous n’avez pas pris ce quiz